000
00329 a2200157 4500
001
154672
040
_c
Escola São Tomás de Aquino
100
_a
SIQUEIRA Sonia A.
240
1
0
_a
A inquisição
_l
por
245
1
0
_a
A inquisição
300
_a
63
362
0
_a
1998
440
1
_a
FTD
697
_a
HISTÓRIA
942
_c
BK
999
_c
154672
_d
154672